Normal view
MARC view
- Iftikhar, Hamza
Entry Personal Name
001 - CONTROL NUMBER
- control field: 122986
003 - CONTROL NUMBER IDENTIFIER
- control field: NUST
005 - DATE AND TIME OF LATEST TRANSACTION
- control field: 20240528154253.0
008 - FIXED-LENGTH DATA ELEMENTS
- fixed length control field: 240528|| aca||aabn | a|a d
040 ## - CATALOGING SOURCE
- Original cataloging agency: NUST
- Transcribing agency: NUST
100 ## - HEADING--PERSONAL NAME
- Personal name: Iftikhar, Hamza
670 ## - SOURCE DATA FOUND
- Source citation: Work cat.: (NUST): Iftikhar, Hamza, Empowering Farmers through Data: Pak Kasaan, A Comprehensive Platform for Crop Management and Advance Analysis/
